La gran novela latinoamericana (Registro nro. 183569)

Detalles MARC
000 -ENCABEZADO
Número de control [NR] 00838 a2200229 4500
005 - FECHA Y HORA DE LA ÚLTIMA TRANSACCIÓN
control field 20140903175009.0
008 - DE LONGITUD FIJA DE DATOS DE ELEMENTOS - INFORMACIÓN GENERAL
Elementos de longitud fija [NR] 131115s2011 mx gr 001 fdspa d
020 ## - NUMERO INTERNACIONAL NORMALIZADO PARA LIBROS [R]
Número Internacional Normalizado del libro [NR] 9786071111715
040 ## - FUENTE DE CATALOGACION [NR]
Agencia de catalogación original [NR] CO-BoUCM
Idioma de catalogación [NR] spa
Quien Cataloga
Quien Clasifica
041 00 - CODIGO DE IDIOMA [R]
Código de idioma para texto/pista de sonido o título separado [R] Español
100 1# - ASIENTO PRINCIPAL--NOMBRE PERSONAL [NR]
Nombre personal [NR] Fuentes Macias, Carlos
Fechas asociadas con el nombre [NR] 1928-2012
ID Autoridad 50525
245 13 - MENCION DE TITULO [NR]
Título [NR] La gran novela latinoamericana
Mención de responsabilidad, etc. [NR] Carlos Fuentes Macias
260 ## - PUBLICACION, DISTRIBUCION, ETC. (PIE DE IMPRENTA) [R]
Lugar de publicación, distribución, etc. [R] México D.F. (México)
Nombre del editor, distribuidor, etc. [R] Alfaguara
Fecha de publicación, distribución, etc. [R] 2011
300 ## - DESCRIPCION FISICA [R]
Extensión [R] 439 páginas
500 ## - NOTA GENERAL [R]
Nota general [NR] Incluye índice
650 #7 - ASIENTO SECUNDARIO DE MATERIA - TERMINO TEMATICO [R]
Término temático o nombre geográfico como elemento de entrada [NR] Ensayos mexicanos
9 (RLIN) 14575
650 #7 - ASIENTO SECUNDARIO DE MATERIA - TERMINO TEMATICO [R]
Término temático o nombre geográfico como elemento de entrada [NR] Literatura latinoamericana
Subdivisión general [R] Crítica e interpretación
9 (RLIN) 50816
650 #7 - ASIENTO SECUNDARIO DE MATERIA - TERMINO TEMATICO [R]
Término temático o nombre geográfico como elemento de entrada [NR] Novela
Subdivisión geográfica [R] América Latina
Subdivisión general [R] Crítica e interpretación
9 (RLIN) 50817
690 ## - ASUNTO AGREGADO LOCAL DE ENTRADA - TÉRMINO TEMÁTICO (OCLC, RLIN)
9 (RLIN) 42866
Acceso temático local Literatura latinoamericana
942 ## - ELEMENTOS DE ENTRADA AGREGADOS (KOHA)
Tema principal Literatura
Tipo de ítem principal el descrito en 300a Libro
Edición 1
Prefijo de la signatura top. (colección) Literatura - México
Parte restante de la signatura top. F954g
Sistema de clasificación DEWEY
Clasificación 864.44
Existencias
Signatura topográfica Código de barras Última vez visto Ejemplar Costo de reposición Price effective from Tipo de ítem Perdido Sistema de clasificación Dañado No prestable Tipo de ítem específico Suprimido Ubicación habitual Ubicación actual Localización Fecha de creación Proveedor Forma de adquisición Costo
M 864.44 F954g 100138546 09/12/2025 Ej.1 26000.00 13/11/2013 Libro   DEWEY     Libro   Claustro Claustro 2do piso 13/11/2013 12 Donación 0.00